Statistics for Southern most country for each letter

Click here to take the quiz!

General Stats

  • This quiz has been taken 52 times
  • The average score is 19 of 24

Answer Stats

LetterAnswer% Correct
AArgentina
100%
CChile
100%
ZZimbabwe
94%
BBrazil
91%
IIndonesia
91%
NNew Zealand
91%
QQatar
91%
OOman
89%
UUruguay
89%
YYemen
89%
SSouth Africa
87%
FFiji
83%
PParaguay
83%
VVanuatu
83%
LLesotho
81%
MMozambique
74%
TTonga
72%
EEcuador
70%
KKiribati
70%
HHonduras
66%
JJamaica
66%
GGabon
53%
DDemocratic Republic of the Congo
19%
RRepublic of the Congo
19%

Score Distribution

Percentile by Number Answered

Percent of People with Each Score

Your Score History

You have not taken this quiz